000 01152nas a2200337 4500
001 BR2011003168
003 BR-BrBNA
005 20231205115335.0
007 ta
008 230509b bl.|||p| |||| 00| 00por d
040 _aBR-BrBNA
_bpor
_cBiblioteca Nacional de Agricultura
041 _a(Pt)
072 _aL74
100 1 _aFreitas, S.H. de
100 1 _aStraglioto, A.
100 1 _aMolina, M.A.P.
100 1 _aCamargo, L.M. de
100 1 _aDoria, R.G.S.
100 1 _aMendonça, F. de S.
100 1 _aFernandes, C.G.N.
245 1 _aRedução e estabilização de luxação coxofemoral de pequenos animais com nylon e pino ortopédico - relato de casos
246 1 _aReduction and stabilizing of hip joint dislocation in small animals with nylon (polyamide)and ortopedic pin - cases report
650 _aCÃO
650 _aGATO
650 _aLUXAÇÃO
650 _aLIGAMENTO
650 _aDISTURBIO FISIOLÓGICO
773 0 _tRevista Brasileira de Medicina Veterinária (Brazil)
_xISSN 0100-2430
_g(Jul-Sep 2007), v. 29(3) p. 121-124
_wBR2011003168
909 _a202311
_bLúcia
_c55
_dLúcia Elande
942 _2AGRIS
_n0
_cANA
999 _c213302
_d213302